Testigo de la esperanza / (Record no. 102637)

MARC details
000 -LEADER
campo de control de longitud fija 00687nam a2200217 i 4500
001 - NÚMERO DE CONTROL
campo de control 102637
003 - IDENTIFICADOR DE NÚMERO DE CONTROL
campo de control ES-MaACL
005 - FECHA Y HORA DE LA ÚLTIMA TRANSACCIÓN
campo de control 20240426063030.0
007 - CAMPO FIJO DE DESCRIPCIÓN FÍSICA--INFORMACIÓN GENERAL
campo de control de longitud fija t|
008 - DATOS DE LONGITUD FIJA--INFORMACIÓN GENERAL
campo de control de longitud fija 051124s1974 pr ||||1| spa d
080 ## - NÚMERO DE LA CLASIFICACIÓN DECIMAL UNIVERSAL
Número de la Clasificación Decimal Universal 821.134.2(729.5)-14"19"
100 0# - ENTRADA PRINCIPAL--NOMBRE DE PERSONA
Nombre de persona Matos Paoli, Francisco,
Fechas asociadas al nombre 1915-2000
9 (RLIN) 79096
245 10 - MENCIÓN DEL TÍTULO
Título Testigo de la esperanza /
Mención de responsabilidad, etc. Francisco Matos Paoli.
250 ## - MENCION DE EDICION
Mención de edición 1ª ed.
260 ## - PUBLICACIÓN, DISTRIBUCIÓN, ETC.
Lugar de publicación, distribución, etc. [Río Piedras] :
Nombre del editor, distribuidor, etc. Editorial Universitaria, Universidad de Puerto Rico,
Fecha de publicación, distribución, etc. 1974.
300 ## - DESCRIPCIÓN FÍSICA
Extensión 132 p. ;
Dimensiones 18 cm.
490 1# - MENCIÓN DE SERIE
Mención de serie Uprex. Poesía ;
Designación de volumen o secuencia 29
830 0# - PUNTO DE ACCESO ADICIONAL DE SERIE-TÍTULO UNIFORME
Título uniforme Uprex. Poesía ;
Designación de volumen o secuencia 29
9 (RLIN) 184772
852 ## - LOCALIZACIÓN
Ubicación ES-MaACL
Número de control de estantería E-11173
Sublocalización o colección R.136853
Holdings
Estatus retirado Estado de pérdida Estado de daño No para préstamo Biblioteca de origen Biblioteca actual Ubicación en estantería Fecha de adquisición Fuente de adquisición Total de préstamos Signatura topográfica completa Código de barras Visto por última vez Precio de reemplazo Tipo de ítem Koha
        Biblioteca del Ateneo de Madrid Biblioteca del Ateneo de Madrid Depósito 2 17/01/2008     E-11173 1107144 23/02/2023 23/02/2023 Libro impreso